[Event "EUCC 2023 - U14"]
[Site "Kouty nad Desnou"]
[Date "2023.08.22"]
[Round "7.7"]
[White "Kluska, Lukas"]
[Black "Berkova, Agata"]
[Result "1-0"]
[BlackElo "1101"]
[WhiteElo "1310"]
[LiveChessVersion "1.4.8"]

1. c4 {[%clk 1:30:35]} c5 {[%clk 1:30:59]} 2. Nc3 {[%clk 1:30:47]} e5
{[%clk 1:31:23]} 3. Nf3 {[%clk 1:30:34]} Nc6 {[%clk 1:31:36]} 4. e3
{[%clk 1:30:34]} Nf6 {[%clk 1:31:35]} 5. Be2 {[%clk 1:28:47]} d6 {[%clk 1:30:29]}
6. O-O {[%clk 1:26:15]} Bf5 {[%clk 1:29:11]} 7. a3 {[%clk 1:23:40]} Be7
{[%clk 1:28:42]} 8. d4 {[%clk 1:21:13]} cxd4 {[%clk 1:17:06]} 9. exd4
{[%clk 1:21:28]} exd4 {[%clk 1:14:55]} 10. Nxd4 {[%clk 1:19:54]} Nxd4
{[%clk 1:08:55]} 11. Qxd4 {[%clk 1:19:39]} O-O {[%clk 1:08:18]} 12. Bf4
{[%clk 1:14:21]} d5 {[%clk 0:52:04]} 13. cxd5 {[%clk 1:05:38]} Bd6
{[%clk 0:48:19]} 14. Bf3 {[%clk 0:57:12]} a6 {[%clk 0:44:30]} 15. h3
{[%clk 0:50:17]} Bc2 {[%clk 0:41:21]} 16. Bxd6 {[%clk 0:43:55]} Qxd6
{[%clk 0:41:40]} 17. Ne4 {[%clk 0:43:51]} Nxe4 {[%clk 0:40:30]} 18. Bxe4
{[%clk 0:44:13]} Bxe4 {[%clk 0:38:49]} 19. Qxe4 {[%clk 0:44:32]} Rfe8
{[%clk 0:39:10]} 20. Qd4 {[%clk 0:40:19]} h6 {[%clk 0:37:38]} 21. Rfe1
{[%clk 0:34:21]} Rad8 {[%clk 0:27:43]} 22. Rxe8+ {[%clk 0:33:13]} Rxe8
{[%clk 0:27:57]} 23. g3 {[%clk 0:31:21]} Kf8 {[%clk 0:26:58]} 24. b4
{[%clk 0:29:06]} Rd8 {[%clk 0:19:54]} 25. Rd1 {[%clk 0:28:18]} Rc8
{[%clk 0:15:18]} 26. Kg2 {[%clk 0:24:40]} Rc2 {[%clk 0:10:14]} 27. Rd2
{[%clk 0:22:34]} Rxd2 {[%clk 0:09:44]} 28. Qxd2 {[%clk 0:22:58]} Ke7
{[%clk 0:09:51]} 29. Kf3 {[%clk 0:21:30]} Qf6+ {[%clk 0:07:00]} 30. Qf4
{[%clk 0:21:17]} Qxf4+ {[%clk 0:05:27]} 31. Kxf4 {[%clk 0:21:29]} Kd6
{[%clk 0:05:48]} 32. Ke4 {[%clk 0:21:31]} b6 {[%clk 0:04:32]} 33. a4
{[%clk 0:21:11]} g6 {[%clk 0:04:14]} 34. a5 {[%clk 0:19:25]} b5 {[%clk 0:04:17]}
35. f4 {[%clk 0:17:05]} f6 {[%clk 0:02:26]} 36. g4 {[%clk 0:13:52]} Ke7
{[%clk 0:01:43]} 37. h4 {[%clk 0:12:17]} Kd6 {[%clk 0:01:11]} 38. h5
{[%clk 0:08:54]} f5+ {[%clk 0:00:59]} 39. gxf5 {[%clk 0:08:39]} gxh5
{[%clk 0:00:48]} 40. f6 {[%clk 0:08:40]} h4 {[%clk 0:01:02]} 41. Kf3
{[%clk 0:08:34]} Kd7 {[%clk 0:01:12]} 42. Kg4 {[%clk 0:08:23]} h5+
{[%clk 0:01:17]} 43. Kxh4 {[%clk 0:08:45]} Ke8 {[%clk 0:01:27]} 44. d6
{[%clk 0:08:56]} 1-0

[Event "EUCC 2023 - U14"]
[Site "Kouty nad Desnou"]
[Date "2023.08.22"]
[Round "7.8"]
[White "Valean, David-Andrei"]
[Black "Boyadzhieva, Katerina"]
[Result "1-0"]
[BlackElo "1152"]
[WhiteElo "1648"]
[LiveChessVersion "1.4.8"]

1. e4 {[%clk 1:30:51]} d6 {[%clk 1:30:55]} 2. d4 {[%clk 1:31:17]} Nf6
{[%clk 1:31:22]} 3. Nc3 {[%clk 1:31:38]} g6 {[%clk 1:31:47]} 4. Nf3
{[%clk 1:32:01]} Bg7 {[%clk 1:32:12]} 5. Be2 {[%clk 1:32:23]} O-O
{[%clk 1:32:35]} 6. O-O {[%clk 1:32:33]} c5 {[%clk 1:32:56]} 7. d5
{[%clk 1:32:59]} e6 {[%clk 1:32:40]} 8. dxe6 {[%clk 0:59:56]} Bxe6
{[%clk 1:31:04]} 9. Bf4 {[%clk 0:56:37]} d5 {[%clk 1:17:24]} 10. exd5
{[%clk 0:33:20]} Nxd5 {[%clk 1:10:04]} 11. Nxd5 {[%clk 0:28:41]} Qxd5
{[%clk 1:03:04]} 12. Qxd5 {[%clk 0:21:44]} Bxd5 {[%clk 1:03:26]} 13. c4
{[%clk 0:18:08]} Be6 {[%clk 0:51:03]} 14. Bd6 {[%clk 0:07:49]} Rc8
{[%clk 0:42:20]} 15. Ng5 {[%clk 0:02:35]} Bf5 {[%clk 0:34:06]} 16. g4
{[%clk 0:02:12]} Bd7 {[%clk 0:30:42]} 17. Rad1 {[%clk 0:00:54]} Na6
{[%clk 0:25:20]} 18. b3 {[%clk 0:00:47]} Bc6 {[%clk 0:24:22]} 19. Bf3
{[%clk 0:00:34]} Bxf3 {[%clk 0:23:38]} 20. Nxf3 {[%clk 0:01:00]} Nb4
{[%clk 0:21:03]} 21. Rd2 {[%clk 0:00:37]} b6 {[%clk 0:20:31]} 22. a3
{[%clk 0:00:45]} Nc6 {[%clk 0:20:11]} 23. Rfd1 {[%clk 0:00:41]} Nd4
{[%clk 0:18:36]} 24. Nxd4 {[%clk 0:01:04]} Bxd4 {[%clk 0:19:00]} 25. Bf4
{[%clk 0:01:00]} Re8 {[%clk 0:17:55]} 26. Kg2 {[%clk 0:00:59]} Re6
{[%clk 0:17:29]} 27. h3 {[%clk 0:01:01]} Rae8 {[%clk 0:17:26]} 28. Kf1
{[%clk 0:00:45]} Kg7 {[%clk 0:15:20]} 29. Bg5 {[%clk 0:00:35]} h6
{[%clk 0:13:47]} 30. Bf4 {[%clk 0:00:42]} h5 {[%clk 0:11:25]} 31. gxh5
{[%clk 0:00:53]} gxh5 {[%clk 0:11:50]} 32. h4 {[%clk 0:00:33]} Kg6
{[%clk 0:10:43]} 33. Rd3 {[%clk 0:00:35]} Kf5 {[%clk 0:09:59]} 34. Bc1
{[%clk 0:00:32]} Kg4 {[%clk 0:07:50]} 35. Rg3+ {[%clk 0:00:45]} Kxh4
{[%clk 0:07:55]} 36. Bg5# {[%clk 0:01:02]} 1-0

[Event "EUCC 2023 - U14"]
[Site "Kouty nad Desnou"]
[Date "2023.08.23"]
[Round "8.1"]
[White "Auribault, Louis"]
[Black "Haapsal, Maria Ioanna"]
[Result "1-0"]
[BlackElo "1508"]
[WhiteElo "2084"]
[LiveChessVersion "1.4.8"]

1. e4 {[%clk 1:30:57]} c5 {[%clk 1:30:48]} 2. c3 {[%clk 1:31:19]} d5
{[%clk 1:31:13]} 3. exd5 {[%clk 1:31:30]} Qxd5 {[%clk 1:31:30]} 4. d4
{[%clk 1:31:48]} Nc6 {[%clk 1:31:16]} 5. Nf3 {[%clk 1:31:50]} cxd4
{[%clk 1:31:27]} 6. cxd4 {[%clk 1:25:09]} e5 {[%clk 1:31:09]} 7. Nc3
{[%clk 1:23:20]} Bb4 {[%clk 1:30:51]} 8. Bd2 {[%clk 1:21:08]} Bxc3
{[%clk 1:30:44]} 9. Bxc3 {[%clk 1:21:27]} e4 {[%clk 1:30:50]} 10. Ne5
{[%clk 1:21:20]} Nxe5 {[%clk 1:30:57]} 11. dxe5 {[%clk 1:21:45]} Ne7
{[%clk 1:31:02]} 12. Be2 {[%clk 1:14:28]} O-O {[%clk 1:28:48]} 13. O-O
{[%clk 1:10:09]} Bf5 {[%clk 1:25:54]} 14. Qa4 {[%clk 1:07:03]} a6
{[%clk 1:19:05]} 15. Rfd1 {[%clk 1:03:00]} Qc6 {[%clk 1:18:43]} 16. Qd4
{[%clk 1:02:33]} Qc7 {[%clk 1:13:10]} 17. e6 {[%clk 0:52:04]} f6 {[%clk 1:13:22]}
18. Qd7 {[%clk 0:52:27]} Qxd7 {[%clk 0:57:20]} 19. Rxd7 {[%clk 0:52:26]} Ng6
{[%clk 0:56:02]} 20. Bc4 {[%clk 0:50:16]} Rfe8 {[%clk 0:55:22]} 21. Rd6
{[%clk 0:50:29]} Kh8 {[%clk 0:53:25]} 22. Re1 {[%clk 0:43:13]} Nf4
{[%clk 0:40:59]} 23. g4 {[%clk 0:33:54]} Bxe6 24. Bxe6 {[%clk 0:34:13]} Rxe6
{[%clk 0:32:33]} 25. Rxe6 {[%clk 0:34:31]} Nxe6 {[%clk 0:33:01]} 26. Rxe4
{[%clk 0:34:59]} Re8 {[%clk 0:32:20]} 27. f4 {[%clk 0:33:25]} Kg8
{[%clk 0:29:20]} 28. f5 {[%clk 0:27:01]} Nc7 {[%clk 0:29:29]} 29. Rxe8+
{[%clk 0:26:29]} Nxe8 {[%clk 0:29:58]} 30. Kf2 {[%clk 0:26:49]} Kf7
{[%clk 0:29:01]} 31. Ke3 {[%clk 0:25:01]} g6 {[%clk 0:26:07]} 32. fxg6+
{[%clk 0:24:42]} Kxg6 {[%clk 0:20:54]} 33. Kf4 {[%clk 0:17:27]} Nc7
{[%clk 0:16:54]} 34. Ke4 {[%clk 0:10:24]} Kg5 {[%clk 0:13:01]} 35. h3
{[%clk 0:10:48]} Nb5 {[%clk 0:07:28]} 36. Be1 {[%clk 0:10:54]} f5+
{[%clk 0:03:56]} 37. gxf5 {[%clk 0:11:06]} Nd6+ {[%clk 0:04:26]} 38. Ke5
{[%clk 0:11:16]} Nxf5 {[%clk 0:04:46]} 39. Bd2+ {[%clk 0:11:27]} Kg6
{[%clk 0:05:07]} 40. Bf4 {[%clk 0:11:05]} Nh4 {[%clk 0:04:38]} 41. Kd6
{[%clk 0:10:14]} Nf3 {[%clk 0:01:58]} 42. Kc7 {[%clk 0:10:20]} Ng1
{[%clk 0:01:37]} 43. Kxb7 {[%clk 0:09:50]} Nxh3 {[%clk 0:02:05]} 44. Bc7
{[%clk 0:07:01]} h5 {[%clk 0:02:12]} 45. Kxa6 {[%clk 0:07:24]} h4
{[%clk 0:02:20]} 46. b4 {[%clk 0:07:48]} Kf5 {[%clk 0:02:22]} 47. b5
{[%clk 0:08:16]} Nf4 {[%clk 0:02:34]} 48. Bxf4 Kxf4 {[%clk 0:02:50]} 49. b6
{[%clk 0:09:11]} h3 {[%clk 0:03:05]} 50. b7 {[%clk 0:09:39]} 1-0

[Event "EUCC 2023 - U14"]
[Site "Kouty nad Desnou"]
[Date "2023.08.23"]
[Round "8.2"]
[White "Ser, Daniel"]
[Black "Ciocirlan, Bianca-Alexandra"]
[Result "1-0"]
[BlackElo "1510"]
[WhiteElo "1850"]
[LiveChessVersion "1.4.8"]

1. d4 {[%clk 1:30:59]} Nf6 {[%clk 1:30:55]} 2. Bf4 {[%clk 1:31:20]} d5
{[%clk 1:31:12]} 3. e3 {[%clk 1:31:46]} c5 {[%clk 1:31:20]} 4. Nf3
{[%clk 1:32:10]} e6 {[%clk 1:31:31]} 5. Nbd2 {[%clk 1:32:21]} Nc6
{[%clk 1:31:47]} 6. c3 {[%clk 1:32:31]} Bd6 {[%clk 1:31:33]} 7. Bg3
{[%clk 1:32:30]} O-O {[%clk 1:31:23]} 8. Bd3 {[%clk 1:25:01]} cxd4
{[%clk 1:23:43]} 9. exd4 {[%clk 1:25:18]} Qc7 {[%clk 1:21:46]} 10. O-O
{[%clk 1:22:21]} Bd7 {[%clk 1:18:00]} 11. Qe2 {[%clk 1:22:19]} Bxg3
{[%clk 1:14:21]} 12. hxg3 {[%clk 1:22:39]} Rac8 {[%clk 1:10:16]} 13. Ne5
{[%clk 1:19:10]} Qb6 {[%clk 0:59:57]} 14. Ndf3 {[%clk 1:00:46]} Be8
{[%clk 0:53:15]} 15. Rab1 {[%clk 0:54:12]} Nxe5 {[%clk 0:51:25]} 16. dxe5 Nd7
{[%clk 0:51:06]} 17. Rfe1 {[%clk 0:38:46]} Nc5 {[%clk 0:50:34]} 18. Bxh7+
{[%clk 0:25:19]} Kxh7 {[%clk 0:25:32]} 19. Ng5+ {[%clk 0:25:44]} Kh6
{[%clk 0:24:12]} 20. Qg4 {[%clk 0:25:50]} Ne4 {[%clk 0:19:05]} 21. Qh4+
{[%clk 0:16:00]} Kg6 {[%clk 0:18:26]} 22. Qh7+ Kxg5 {[%clk 0:16:49]} 23. Rxe4
{[%clk 0:13:32]} dxe4 24. Qxg7+ {[%clk 0:13:55]} Kf5 {[%clk 0:13:21]} 25. Qf6+
{[%clk 0:14:08]} Kg4 {[%clk 0:13:38]} 26. Qh4+ Kf5 {[%clk 0:13:50]} 27. Qh5#
{[%clk 0:15:02]} 1-0

[Event "EUCC 2023 - U14"]
[Site "Kouty nad Desnou"]
[Date "2023.08.23"]
[Round "8.3"]
[White "Jasso, Matej"]
[Black "Novomeska, Karin"]
[Result "1-0"]
[BlackElo "1842"]
[WhiteElo "2143"]
[LiveChessVersion "1.4.8"]

1. e4 {[%clk 1:30:27]} c6 {[%clk 1:30:54]} 2. d4 {[%clk 1:29:58]} d5
{[%clk 1:31:10]} 3. exd5 {[%clk 1:28:44]} cxd5 {[%clk 1:31:37]} 4. Bd3
{[%clk 1:29:01]} Nc6 {[%clk 1:31:59]} 5. c3 {[%clk 1:29:25]} Nf6 {[%clk 1:32:19]}
6. h3 {[%clk 1:29:49]} g6 {[%clk 1:32:02]} 7. Bf4 {[%clk 1:30:08]} Bg7
{[%clk 1:31:49]} 8. Nf3 {[%clk 1:27:28]} O-O {[%clk 1:27:56]} 9. Nbd2
{[%clk 1:27:23]} Bf5 {[%clk 1:26:52]} 10. Bxf5 {[%clk 1:27:29]} gxf5
{[%clk 1:27:20]} 11. Ne5 {[%clk 1:27:09]} e6 {[%clk 1:19:09]} 12. g4
{[%clk 1:24:59]} Ne4 {[%clk 1:10:48]} 13. Nxc6 {[%clk 0:55:04]} bxc6
{[%clk 1:10:28]} 14. Rg1 {[%clk 0:44:02]} Qh4 {[%clk 0:59:01]} 15. Qf3
{[%clk 0:43:04]} Rfe8 {[%clk 0:52:59]} 16. gxf5 {[%clk 0:32:55]} Nxd2
{[%clk 0:47:33]} 17. Kxd2 {[%clk 0:32:41]} exf5 {[%clk 0:44:47]} 18. Bg5
{[%clk 0:31:06]} Qe4 {[%clk 0:38:13]} 19. Qxe4 {[%clk 0:21:51]} Rxe4
{[%clk 0:38:22]} 20. Bf6 {[%clk 0:22:15]} Rae8 {[%clk 0:37:46]} 21. Rxg7+
{[%clk 0:22:26]} Kf8 {[%clk 0:37:50]} 22. Rag1 {[%clk 0:22:12]} 1-0

[Event "EUCC 2023 - U14"]
[Site "Kouty nad Desnou"]
[Date "2023.08.23"]
[Round "8.4"]
[White "Csernyik, Mark"]
[Black "Srba, Daniel"]
[Result "1-0"]
[BlackElo "1571"]
[WhiteElo "1976"]
[LiveChessVersion "1.4.8"]

1. e4 {[%clk 1:30:58]} c5 {[%clk 1:30:54]} 2. Nf3 {[%clk 1:31:17]} g6
{[%clk 1:31:20]} 3. d4 {[%clk 1:31:43]} cxd4 {[%clk 1:31:48]} 4. Nxd4
{[%clk 1:32:08]} Bg7 {[%clk 1:32:15]} 5. Nc3 {[%clk 1:32:24]} Nc6
{[%clk 1:32:42]} 6. Be3 {[%clk 1:32:29]} Nf6 {[%clk 1:33:05]} 7. Bc4
{[%clk 1:32:44]} O-O {[%clk 1:33:29]} 8. Bb3 {[%clk 1:33:01]} Re8
{[%clk 1:33:56]} 9. O-O {[%clk 1:23:25]} d6 {[%clk 1:34:17]} 10. h3
{[%clk 1:23:37]} Bd7 {[%clk 1:33:57]} 11. Qd2 {[%clk 1:20:26]} Rc8
{[%clk 1:32:32]} 12. Rad1 {[%clk 1:17:17]} a6 {[%clk 1:20:47]} 13. f4
{[%clk 1:10:07]} b5 {[%clk 1:11:38]} 14. e5 {[%clk 1:04:30]} dxe5
{[%clk 1:05:52]} 15. Nxc6 {[%clk 1:03:52]} Bxc6 {[%clk 1:00:23]} 16. fxe5
{[%clk 1:03:46]} Qxd2 {[%clk 0:58:13]} 17. Bxd2 {[%clk 1:03:17]} b4
{[%clk 0:55:31]} 18. exf6 {[%clk 1:03:26]} exf6 {[%clk 0:55:49]} 19. Nd5
{[%clk 1:01:47]} f5 {[%clk 0:53:56]} 20. Bxb4 {[%clk 1:01:26]} 1-0

[Event "EUCC 2023 - U14"]
[Site "Kouty nad Desnou"]
[Date "2023.08.23"]
[Round "8.5"]
[White "Sahidi, Sear"]
[Black "Pritulina, Nadezhda"]
[Result "1-0"]
[BlackElo "1372"]
[WhiteElo "1731"]
[LiveChessVersion "1.4.8"]

1. c4 {[%clk 1:30:57]} c5 {[%clk 1:30:49]} 2. Nc3 {[%clk 1:31:17]} Nc6
{[%clk 1:31:15]} 3. g3 {[%clk 1:31:35]} g6 {[%clk 1:31:26]} 4. Bg2
{[%clk 1:31:49]} Bg7 {[%clk 1:31:49]} 5. e3 {[%clk 1:31:36]} d6 {[%clk 1:31:58]}
6. Nge2 {[%clk 1:31:21]} e5 {[%clk 1:31:59]} 7. O-O {[%clk 1:29:30]} Nge7
{[%clk 1:29:18]} 8. b3 {[%clk 1:02:21]} Be6 {[%clk 1:20:10]} 9. Nd5
{[%clk 0:53:42]} e4 {[%clk 1:17:47]} 10. Rb1 {[%clk 0:17:50]} f5 {[%clk 1:15:09]}
11. Ndf4 {[%clk 0:17:28]} Bf7 {[%clk 1:15:29]} 12. f3 {[%clk 0:14:04]} g5
{[%clk 1:11:18]} 13. Nh3 {[%clk 0:09:43]} exf3 {[%clk 1:10:45]} 14. Bxf3
{[%clk 0:10:10]} g4 {[%clk 1:11:07]} 15. Bxc6+ {[%clk 0:10:35]} Nxc6
{[%clk 1:10:57]} 16. Nhf4 {[%clk 0:10:43]} Ne5 {[%clk 1:11:07]} 17. Nc3
{[%clk 0:07:00]} Nf3+ {[%clk 1:08:40]} 18. Kg2 {[%clk 0:07:27]} Qa5
{[%clk 1:00:56]} 19. Nb5 {[%clk 0:05:14]} Qxa2 {[%clk 0:57:58]} 20. Bb2
{[%clk 0:01:55]} Bxb2 {[%clk 0:56:11]} 21. Qc2 {[%clk 0:02:04]} Qa5
{[%clk 0:47:50]} 22. Rxb2 {[%clk 0:01:46]} Bg6 {[%clk 0:48:11]} 23. Ne6
{[%clk 0:01:28]} Kd7 {[%clk 0:45:56]} 24. Nec7 {[%clk 0:01:18]} Rac8
{[%clk 0:43:51]} 25. Ra2 {[%clk 0:01:31]} Qb6 {[%clk 0:41:21]} 26. Nd5
{[%clk 0:01:44]} Qd8 {[%clk 0:40:47]} 27. Rxa7 {[%clk 0:02:01]} Kc6
{[%clk 0:38:24]} 28. Qa2 {[%clk 0:01:25]} Ra8 {[%clk 0:38:03]} 29. Nd4+
{[%clk 0:01:18]} Kd7 {[%clk 0:34:28]} 30. Qa4+ {[%clk 0:01:40]} 1-0

[Event "EUCC 2023 - U14"]
[Site "Kouty nad Desnou"]
[Date "2023.08.23"]
[Round "8.6"]
[White "Kluska, Lukas"]
[Black "Valean, David-Andrei"]
[Result "1-0"]
[BlackElo "1648"]
[WhiteElo "1310"]
[LiveChessVersion "1.4.8"]

1. e4 {[%clk 1:30:34]} e5 {[%clk 1:30:55]} 2. Nf3 {[%clk 1:30:28]} Nc6
{[%clk 1:31:15]} 3. Bb5 {[%clk 1:29:20]} a6 {[%clk 1:31:38]} 4. Bxc6
{[%clk 1:29:15]} dxc6 {[%clk 1:31:49]} 5. d4 {[%clk 1:28:31]} exd4
{[%clk 1:30:59]} 6. Qxd4 {[%clk 1:28:25]} Bg4 {[%clk 1:21:53]} 7. Be3
{[%clk 1:21:34]} Bxf3 {[%clk 0:54:03]} 8. Qxd8+ {[%clk 1:14:42]} Rxd8
{[%clk 0:54:03]} 9. gxf3 {[%clk 1:14:58]} g6 {[%clk 0:50:14]} 10. Nd2
{[%clk 1:11:17]} Bg7 {[%clk 0:48:32]} 11. c3 {[%clk 1:09:09]} Ne7
{[%clk 0:44:56]} 12. Ke2 {[%clk 1:05:13]} O-O {[%clk 0:27:29]} 13. Rad1
{[%clk 1:01:16]} f5 {[%clk 0:22:53]} 14. Nb3 {[%clk 0:54:53]} b6 {[%clk 0:19:36]}
15. Nd4 {[%clk 0:51:58]} f4 {[%clk 0:02:02]} 16. Bc1 {[%clk 0:49:00]} Bxd4
{[%clk 0:02:01]} 17. Rxd4 {[%clk 0:48:28]} Rxd4 {[%clk 0:01:53]} 18. cxd4
{[%clk 0:48:49]} g5 {[%clk 0:01:39]} 19. Rg1 {[%clk 0:48:15]} h6 {[%clk 0:02:03]}
20. h4 {[%clk 0:47:28]} Kh7 {[%clk 0:01:44]} 21. hxg5 {[%clk 0:46:18]} h5
{[%clk 0:01:42]} 22. Bd2 {[%clk 0:44:12]} Ng6 {[%clk 0:01:24]} 23. Rh1
{[%clk 0:43:24]} h4 {[%clk 0:01:49]} 24. Kf1 {[%clk 0:41:23]} Kg8
{[%clk 0:01:04]} 25. Kg2 {[%clk 0:40:50]} Rd8 {[%clk 0:01:26]} 26. Bc3
{[%clk 0:40:07]} b5 {[%clk 0:01:04]} 27. b4 {[%clk 0:38:14]} Kf7 {[%clk 0:00:53]}
28. Ra1 {[%clk 0:35:55]} Rg8 {[%clk 0:00:34]} 29. Kh3 {[%clk 0:34:41]} Ke6
{[%clk 0:00:33]} 30. a4 {[%clk 0:33:28]} Kd7 {[%clk 0:00:34]} 31. Kg4
{[%clk 0:31:03]} Kd6 {[%clk 0:00:33]} 32. Bd2 {[%clk 0:30:36]} h3
{[%clk 0:00:31]} 33. axb5 {[%clk 0:29:35]} axb5 {[%clk 0:00:38]} 34. Bxf4+
{[%clk 0:28:48]} Nxf4 {[%clk 0:01:01]} 35. Kxf4 {[%clk 0:29:11]} h2
{[%clk 0:01:05]} 36. Rh1 {[%clk 0:29:08]} Rh8 {[%clk 0:01:27]} 37. Kg3
{[%clk 0:29:23]} Rg8 {[%clk 0:01:33]} 38. f4 {[%clk 0:29:25]} Re8
{[%clk 0:01:52]} 39. f3 {[%clk 0:29:37]} Ra8 {[%clk 0:02:07]} 40. g6
{[%clk 0:28:58]} Ke6 {[%clk 0:02:12]} 41. f5+ {[%clk 0:27:11]} Kf6
{[%clk 0:02:36]} 42. Rxh2 {[%clk 0:27:18]} Ra4 {[%clk 0:02:57]} 43. Rc2
{[%clk 0:25:38]} Rxb4 {[%clk 0:02:57]} 44. Rxc6+ {[%clk 0:25:59]} Kg7
{[%clk 0:03:12]} 45. Rxc7+ {[%clk 0:26:01]} Kg8 {[%clk 0:03:31]} 46. f6
{[%clk 0:26:16]} 1-0

[Event "EUCC 2023 - U14"]
[Site "Kouty nad Desnou"]
[Date "2023.08.23"]
[Round "8.8"]
[White "Boyadzhieva, Katerina"]
[Black "Barteckova, Valerie"]
[Result "1-0"]
[BlackElo "1562"]
[WhiteElo "1152"]
[LiveChessVersion "1.4.8"]

1. e4 {[%clk 1:30:58]} e6 {[%clk 1:30:46]} 2. f4 {[%clk 1:30:43]} d5
{[%clk 1:30:34]} 3. e5 {[%clk 1:31:03]} c5 {[%clk 1:26:20]} 4. Nf3
{[%clk 1:29:39]} Nc6 {[%clk 1:25:50]} 5. c3 {[%clk 1:26:34]} Qb6 {[%clk 1:23:20]}
6. Na3 {[%clk 1:22:11]} Nge7 {[%clk 1:18:06]} 7. Nc2 {[%clk 1:16:33]} Nf5
{[%clk 1:17:36]} 8. Bd3 {[%clk 1:10:23]} c4 {[%clk 1:15:06]} 9. Bxf5
{[%clk 1:09:54]} exf5 {[%clk 1:15:24]} 10. d4 {[%clk 1:06:01]} Be7
{[%clk 1:09:00]} 11. Ne3 {[%clk 1:00:36]} Be6 {[%clk 1:08:49]} 12. Qc2
{[%clk 0:58:46]} g6 {[%clk 1:08:34]} 13. Bd2 {[%clk 0:54:34]} a5 {[%clk 1:07:00]}
14. h3 {[%clk 0:49:54]} Qc7 {[%clk 1:04:53]} 15. g4 {[%clk 0:47:58]} fxg4
{[%clk 1:02:08]} 16. hxg4 {[%clk 0:48:16]} Rd8 {[%clk 0:55:58]} 17. f5
{[%clk 0:47:34]} Bc8 {[%clk 0:56:05]} 18. fxg6 {[%clk 0:47:38]} fxg6
{[%clk 0:56:06]} 19. O-O-O {[%clk 0:39:52]} O-O {[%clk 0:55:27]} 20. Rh3
{[%clk 0:34:43]} Rf7 {[%clk 0:53:21]} 21. Rdh1 {[%clk 0:32:54]} Rg7
{[%clk 0:52:01]} 22. Be1 {[%clk 0:27:59]} Rf8 {[%clk 0:49:33]} 23. Nxd5
{[%clk 0:25:47]} Qd8 {[%clk 0:48:29]} 24. Nxe7+ {[%clk 0:25:19]} Qxe7
{[%clk 0:48:36]} 25. Qe4 {[%clk 0:23:46]} b5 {[%clk 0:39:41]} 26. Bh4
{[%clk 0:20:52]} Qd7 {[%clk 0:37:46]} 27. Bf6 {[%clk 0:19:50]} Qxg4
{[%clk 0:34:20]} 28. Qxg4 {[%clk 0:19:44]} Bxg4 {[%clk 0:34:43]} 29. Bxg7
{[%clk 0:19:15]} Rxf3 {[%clk 0:27:55]} 30. Rxh7 {[%clk 0:17:36]} Bh5
{[%clk 0:27:48]} 31. R7xh5 {[%clk 0:16:34]} gxh5 {[%clk 0:27:33]} 32. Bf6
{[%clk 0:16:07]} Kf7 {[%clk 0:27:36]} 33. d5 {[%clk 0:13:04]} Ne7
{[%clk 0:26:40]} 34. d6 {[%clk 0:11:08]} Nc6 {[%clk 0:26:04]} 35. Rd1
{[%clk 0:08:05]} Rxf6 {[%clk 0:25:17]} 36. exf6 {[%clk 0:07:59]} Kxf6
{[%clk 0:25:39]} 37. Re1 {[%clk 0:07:57]} h4 {[%clk 0:25:27]} 38. d7
{[%clk 0:07:14]} h3 {[%clk 0:24:16]} 39. Rh1 {[%clk 0:07:10]} Ke7
{[%clk 0:24:30]} 40. Rxh3 {[%clk 0:07:12]} Kxd7 {[%clk 0:24:53]} 41. Kc2
{[%clk 0:06:17]} Kd6 {[%clk 0:24:48]} 42. Rh5 {[%clk 0:06:00]} Ne5
{[%clk 0:24:43]} 43. b3 {[%clk 0:05:27]} Kd5 {[%clk 0:23:22]} 44. bxc4+
{[%clk 0:05:19]} bxc4 {[%clk 0:23:39]} 45. Kb2 {[%clk 0:05:11]} Kd6
{[%clk 0:23:10]} 46. Ka3 {[%clk 0:04:32]} Nc6 {[%clk 0:20:52]} 47. Ka4
{[%clk 0:04:25]} Kc7 {[%clk 0:19:30]} 48. Rxa5 {[%clk 0:04:35]} Nxa5
{[%clk 0:19:36]} 49. Kxa5 {[%clk 0:05:01]} Kc6 {[%clk 0:20:00]} 50. Kb4
{[%clk 0:05:17]} Kb6 {[%clk 0:20:12]} 51. Kxc4 {[%clk 0:05:37]} Kc6
{[%clk 0:20:36]} 52. a4 {[%clk 0:05:32]} Kb6 {[%clk 0:21:01]} 53. Kb4
{[%clk 0:05:56]} Kc6 {[%clk 0:21:20]} 54. c4 {[%clk 0:05:59]} Kb6
{[%clk 0:21:38]} 55. a5+ {[%clk 0:06:23]} Kc6 {[%clk 0:21:51]} 56. c5
{[%clk 0:06:45]} Kc7 {[%clk 0:22:08]} 57. Kb5 {[%clk 0:06:49]} 1-0

[Event "EUCC 2023 - U14"]
[Site "Kouty nad Desnou"]
[Date "2023.08.23"]
[Round "8.9"]
[White "Berkova, Agata"]
[Black "Bartova, Hana"]
[Result "0-1"]
[BlackElo "1461"]
[WhiteElo "1101"]
[LiveChessVersion "1.4.8"]

1. e4 {[%clk 1:30:59]} e5 {[%clk 1:30:56]} 2. Nf3 {[%clk 1:31:26]} Nc6
{[%clk 1:31:19]} 3. Bc4 {[%clk 1:31:51]} Bc5 {[%clk 1:31:44]} 4. Nc3
{[%clk 1:32:09]} Nf6 {[%clk 1:32:02]} 5. d3 {[%clk 1:32:29]} d6 {[%clk 1:31:49]}
6. h3 {[%clk 1:32:55]} Be6 {[%clk 1:32:00]} 7. Bb3 {[%clk 1:33:21]} h6
{[%clk 1:31:06]} 8. O-O {[%clk 1:33:45]} Qd7 {[%clk 1:31:28]} 9. Bxe6
{[%clk 1:29:41]} fxe6 {[%clk 1:31:20]} 10. Be3 {[%clk 1:28:34]} Bb6
{[%clk 1:30:50]} 11. Qd2 {[%clk 1:25:27]} O-O-O {[%clk 1:28:20]} 12. Bxb6
{[%clk 1:25:54]} axb6 {[%clk 1:27:08]} 13. Rfe1 {[%clk 1:25:33]} g5
{[%clk 1:25:58]} 14. Rad1 {[%clk 1:19:13]} Nd4 {[%clk 1:16:40]} 15. Nxd4
{[%clk 1:14:39]} exd4 {[%clk 1:17:08]} 16. Ne2 {[%clk 1:13:38]} e5
{[%clk 1:16:40]} 17. Ng3 {[%clk 1:12:41]} g4 {[%clk 1:13:54]} 18. h4
{[%clk 1:10:53]} Rdg8 {[%clk 0:58:51]} 19. Nf5 {[%clk 1:10:04]} Rg6
{[%clk 0:56:49]} 20. Qb4 g3 {[%clk 0:42:28]} 21. f3 {[%clk 1:04:20]} Rhg8
{[%clk 0:38:00]} 22. Qa3 {[%clk 1:03:05]} c5 {[%clk 0:37:28]} 23. Rc1
{[%clk 0:50:11]} Nh5 {[%clk 0:30:03]} 24. Nxh6 {[%clk 0:47:51]} R8g7
{[%clk 0:19:20]} 25. Nf5 {[%clk 0:47:58]} Rh7 {[%clk 0:19:07]} 26. Qb3
{[%clk 0:34:51]} Kc7 {[%clk 0:17:44]} 27. c3 {[%clk 0:31:46]} dxc3
{[%clk 0:16:43]} 28. Rxc3 {[%clk 0:32:07]} Nf4 {[%clk 0:16:17]} 29. Kf1
{[%clk 0:30:23]} Qd8 {[%clk 0:14:09]} 30. Ne3 {[%clk 0:23:51]} Qxh4
{[%clk 0:12:45]} 31. Nd5+ {[%clk 0:22:04]} Nxd5 {[%clk 0:12:41]} 32. Qxd5
{[%clk 0:20:18]} Qh1+ {[%clk 0:12:57]} 33. Ke2 {[%clk 0:20:42]} Qxg2+
{[%clk 0:13:17]} 34. Kd1 {[%clk 0:19:08]} Qxf3+ {[%clk 0:13:32]} 35. Kc1
{[%clk 0:17:57]} g2 {[%clk 0:13:16]} 36. d4 {[%clk 0:14:22]} g1=Q
{[%clk 0:12:31]} 37. Rxf3 {[%clk 0:14:01]} Qxe1+ {[%clk 0:12:49]} 38. Kc2
{[%clk 0:13:28]} Qe2+ {[%clk 0:13:07]} 39. Kb3 {[%clk 0:13:47]} Qxf3+
{[%clk 0:13:26]} 40. Ka4 {[%clk 0:14:11]} Qd1+ {[%clk 0:13:16]} 0-1